Ensayos de historia social y política del siglo XX (Registro nro. 292)

Detalles MARC
000 -CABECERA
Longitud fija campo de control 01074nam a2200277Ia 4500
005 - • FECHA Y HORA DE LA ÚLTIMA TRANSACCIÓN
Fecha y hora de la última transacción 20220316235227.0
008 - • CÓDIGOS DE INFORMACIÓN DE LONGITUD FIJA
Códigos de información de longitud fija 121119s1985 ck a gr 000 e spa
020 ## - • NÚMERO INTERNACIONAL NORMALIZADO PARA LIBROS
Número Internacional Normalizado para Libros (ISBN) 8489209464
041 0# - • CÓDIGO DE LENGUA
Código de lengua del texto/banda sonora o título independiente spa
082 04 - • NÚMERO DE LA CLASIFICACIÓN DECIMAL DEWEY
Número de clasificación (R) 320.98605
Número del ítem S15e
Número de edición 22 edición
040 ## - FUENTE DE LA CATALOGACIÓN
Centro catalogador de origen CO-BoRNBP
Lengua de catalogación spa
Normas de descripción rda
Centro transcriptor CO-BoRNBP
100 1# - • PUNTO DE ACCESO PRINCIPAL-NOMBRE DE PERSONA
Nombre de persona Sánchez Gómez, Gonzalo
Fechas asociadas al nombre 1945
245 10 - • TITULO PROPIAMENTE DICHO
Título Ensayos de historia social y política del siglo XX
Resto del título los bolcheviques del Libano, las ligas campesinas en Colombia, las raíces historicas de la amnistía
Mención de responsabilidad, etc. Gonzalo Sánchez Gómez
250 ## - • MENCIÓN DE EDICIÓN
Mención de edición Primera edición
264 ## - PRODUCCIÓN, PUBLICACIÓN , DISTRIBUCIÓN, FABRICACIÓN Y COPYRIGHT
Lugar de producción, publicación, distribución, fabricación Bogotá
Nombre del productor, editor, distribuidor, fabricante El Áncora
Fecha de de producción, publicación, distribución, fabricación o copyright 1985
300 ## - • DESCRIPCIÓN FÍSICA
Extensión 276 páginas
Otras características físicas ilustraciones
Dimensiones 20 cm
336 ## - TIPO DE CONTENIDO
Término de tipo de contenido texto
Código de tipo de contenido txt
Fuente rdacontent
337 ## - TIPO DE MEDIO
Nombre del tipo de medio sin mediación
Código del tipo de medio n
Fuente rdamedia
338 ## - TIPO DE SOPORTE
Nombre del tipo de soporte volumen
Código del tipo de soporte nc
Fuente rdacarrier
490 0# - • MENCIÓN DE SERIE
Mención de serie Historia
650 14 - • PUNTO DE ACCESO ADICIONAL DE MATERIA - TÉRMINO DE MATERIA
Término de materia o nombre geográfico como elemento inicial Violencia
Subdivisión geográfica Colombia
Subdivisión de forma Ensayos, conferencias, etc.
Fuente del encabezamiento o término LEMB
651 #4 - • PUNTO DE ACCESO ADICIONAL DE MATERIA - NOMBRE GEOGRÁFICO
Nombre geográfico Colombia
Subdivisión de forma Política social
Subdivisión geográfica Colombia
651 #4 - • PUNTO DE ACCESO ADICIONAL DE MATERIA - NOMBRE GEOGRÁFICO
Nombre geográfico Colombia
Subdivisión de forma Condiciones económicas
Subdivisión de materia general Historia
651 #4 - • PUNTO DE ACCESO ADICIONAL DE MATERIA - NOMBRE GEOGRÁFICO
Nombre geográfico Colombia
Subdivisión de forma Condiciones sociales
Subdivisión de materia general Historia
942 ## - ENTRADA DE ELEMENTOS AGREGADOS (KOHA)
Fuente de clasificaión o esquema Dewey Decimal Classification
Koha [por defecto] tipo de item LIbro
Existencias
Perdido Fuente de clasificación o esquema Estado Físico No para préstamo Forma de adquisición Localización permanente Localización actual Localización en estanterías Fecha adquisición Préstamos totales Signatura completa Código de barras Fecha última consulta Número de copia Fecha del precio de reemplazo Tipo de item de Koha
  Dewey Decimal Classification     Colección General Biblioteca Pública Cubarral Biblioteca Pública Cubarral General 08/04/2023   320.98605 S15e CUB02239 08/04/2023 Ej.1 08/04/2023 LIbro
  Dewey Decimal Classification     Colección General Biblioteca Pública Dorado Biblioteca Pública Dorado General 12/14/2022   320.98605 S15e DOR00214 12/14/2022 Ej.1 12/14/2022 LIbro
  Dewey Decimal Classification     Colección General Biblioteca Pública Fuentedeoro - Henry Llanos García Biblioteca Pública Fuentedeoro - Henry Llanos García General 05/02/2023   320..98605 S15e Fo00211 05/02/2023 Ej.1 05/02/2023 LIbro
  Dewey Decimal Classification     Colección General Biblioteca Pública José Eustasio Rivera - San Martin Biblioteca Pública José Eustasio Rivera - San Martin General 04/19/2023   320..98605 S15e SM001072 04/19/2023 Ej.1 04/19/2023 LIbro
  Dewey Decimal Classification     Colección General Biblioteca Pública Lejanias Biblioteca Pública Lejanias General 06/22/2023   320.98605 S15e LEJ00211 06/22/2023 Ej.1 06/22/2023 LIbro
  Dewey Decimal Classification     Colección General Biblioteca Pública Restrepo Biblioteca Pública Restrepo General 07/03/2025   320.98605 S15e RES00314 07/03/2025 Ej.1 07/03/2025 LIbro
  Dewey Decimal Classification     Colección General Biblioteca Pública San Carlos de Guaroa - Eduardo Carranza Biblioteca Pública San Carlos de Guaroa - Eduardo Carranza General 03/14/2025   320.98605 S15e SG02726 03/14/2025 Ej.1 03/14/2025 LIbro
  Dewey Decimal Classification     Colección General Biblioteca Pública El Castillo - Alfonso Meneses Biblioteca Pública El Castillo - Alfonso Meneses General 05/05/2023   320.98505 EC00535 05/05/2023 Ej.1 05/05/2023 LIbro
  Dewey Decimal Classification     Colección General Biblioteca Pública Acacias - Carlos María Hernández Rojas Biblioteca Pública Acacias - Carlos María Hernández Rojas General 04/25/2025   320.98605 S15e ACA02411 04/25/2025 Ej.1 04/25/2025 LIbro
  Dewey Decimal Classification     Colección General Biblioteca Pública Guamal Biblioteca Pública Guamal General 03/13/2023   320.98605 S15e GUA002180 03/13/2023 Ej.1 03/13/2023 LIbro
  Dewey Decimal Classification     Colección General Biblioteca Pública La Macarena Biblioteca Pública La Macarena General 07/22/2025   320.98605 S15e LM02698 07/22/2025 Ej.1 07/22/2025 LIbro
  Dewey Decimal Classification     Colección General Biblioteca Pública San Juan de Arama - Concepción de Arama Biblioteca Pública San Juan de Arama - Concepción de Arama General 06/29/2023   320 98605 S15E SJA00440 06/29/2023 Ej.1 06/29/2023 LIbro
  Dewey Decimal Classification     Colección General Biblioteca Pública Vistahermosa Biblioteca Pública Vistahermosa General 07/13/2023   320.98605 s15e VIS00237 07/13/2023 Ej.1 07/13/2023 LIbro









Instituto Departamental de Cultura del Meta - Red Departamental de Bibliotecas Públicas del Meta.